000
00352nam a2200145 a 4500
005
20140414093838.0
008
030923s19uu xx 00 eng d
050
_a
VCD 791.43
_b
Mur 2001
100
_a
Montano, Cesar
245
_a
Muro-Ami /
_c
Cesar Montano.
500
_a
(disc 1&2)
650
_a
Motion picture.
942
_c
AVM
999
_c
109108
_d
109108